Teaching and learning with adults in Sunday school. (Record no. 9921)

000 -LEADER
fixed length control field 00607nam a2200193 a 4500
001 - CONTROL NUMBER
control field :::00007706$&:&@@
003 - CONTROL NUMBER IDENTIFIER
control field OkBaRHE
005 - DATE AND TIME OF LATEST TRANSACTION
control field 20000607103339.0
008 - FIXED-LENGTH DATA ELEMENTS--GENERAL INFORMATION
fixed length control field s1973 j 000 0 eng u
040 ## - CATALOGING SOURCE
Transcribing agency
100 1# - MAIN ENTRY--PERSONAL NAME
Personal name Wood, George F.
245 10 - TITLE STATEMENT
Title Teaching and learning with adults in Sunday school.
260 ## - PUBLICATION, DISTRIBUTION, ETC. (IMPRINT)
Place of publication, distribution, etc Nashville, TN., :
Name of publisher, distributor, etc Convention Press
Date of publication, distribution, etc c1973
300 ## - PHYSICAL DESCRIPTION
Extent 144 p. ;
Dimensions : 20 cm.
650 ## - SUBJECT ADDED ENTRY--TOPICAL TERM
Topical term or geographic name as entry element Religious Education Teaching Methods
650 ## - SUBJECT ADDED ENTRY--TOPICAL TERM
Topical term or geographic name as entry element Sunday Schools
942 ## - ADDED ENTRY ELEMENTS (KOHA)
Source of classification or shelving scheme
Koha item type Books
Copies
Lost status Source of classification or shelving scheme Damaged status Copy number Koha item type Date acquired Full call number Date last seen Shelving location Barcode Withdrawn status Price effective from Permanent Location Not for loan
   1Books2010-04-14BV 1534 .W62010-04-14General Stacks7706 2010-04-14RHEMA Bible Training College